| 000 | 00358nam a2200133Ia 4500 | ||
|---|---|---|---|
| 008 | 150201s2010 xx 000 0 und d | ||
| 082 |
_a616.84 _bE010V |
||
| 100 | _aVERGHESE,MARY | ||
| 245 | _aESSENTIALS OF PSYCHIATRIC AND MENTAL HEALTH NEUROLOGY | ||
| 250 | _a3RD | ||
| 260 |
_bELSEVIER _aDELHI _c2010 |
||
| 650 | _aMEDICINE AND DIAGNOSIS | ||
| 942 |
_2ddc _cBK _03 |
||
| 999 |
_c776 _d776 |
||